| 000 -LEADER |
| fixed length control field |
00314nam a2200121Ia 4500 |
| 008 - FIXED-LENGTH DATA ELEMENTS--GENERAL INFORMATION |
| fixed length control field |
190723s9999 xx 000 0 und d |
| 020 ## - INTERNATIONAL STANDARD BOOK NUMBER |
| International Standard Book Number |
969-407-097-X |
| 100 ## - MAIN ENTRY--PERSONAL NAME |
| Personal name |
Dr.Vaqar Ahmed |
| 245 #0 - TITLE STATEMENT |
| Title |
Eminent Muslim Scientists the Quaid and Poets |
| 260 ## - PUBLICATION, DISTRIBUTION, ETC. (IMPRINT) |
| Place of publication, distribution, etc |
Karachi |
| Name of publisher, distributor, etc |
Royal Book |
| Date of publication, distribution, etc |
1989 |
| 300 ## - PHYSICAL DESCRIPTION |
| Extent |
120 |
| 942 ## - ADDED ENTRY ELEMENTS (KOHA) |
| Koha item type |
Books |